000 01051nam a2200241 i 4500
001 190366
003 SpMaBN
005 20250816063154.0
008 201113s1977 sp |||| | spa d
080 _a830 Duerrenmatt, Friedrich 1.06(043.2)
100 1 _aCorcoll Calsat, Roberto,
_d1937-
_9170776
245 1 0 _aEstudio sobre la temática y la estructura de las obras literarias de Friedrich Dürrenmatt /
_cRoberto Corcoll Calsat.
260 _aBarcelona :
_bUniversidad de Barcelona, [Facultad de Filología],
_c1977.
300 _a17 p. ;
_c24 cm.
502 _aTesis-Univ. Barcelona (Extracto)
594 _aPrecede al tít.: Universidad de Barcelona. Secretariado de Publicaciones, Intercambio Científico y Extensión Universitaria.
600 1 4 _aDürrenmatt, Friedrich (
_d1921-1990)
_946322
655 _aTesis y escritos académicos
_9226867
710 2 _aUniversidad de Barcelona.
_bFacultad de Filología.
_9174497
852 4 _aES-MaACL
_jP-1415 (116)
_9197574
_bR-68610
_cDEPO2
942 _2udc
999 _c190366
_d190366